Normal view
MARC view
- Supervisor;Prof. M. A. Rashid
Entry Personal Name
001 - CONTROL NUMBER
- control field: 123769
003 - CONTROL NUMBER IDENTIFIER
- control field: NUST
005 - DATE AND TIME OF LATEST TRANSACTION
- control field: 20240625132800.0
008 - FIXED-LENGTH DATA ELEMENTS
- fixed length control field: 240625|| aca||aabn | a|a d
040 ## - CATALOGING SOURCE
- Original cataloging agency: NUST
- Transcribing agency: NUST
100 ## - HEADING--PERSONAL NAME
- Personal name: Supervisor;Prof. M. A. Rashid
670 ## - SOURCE DATA FOUND
- Source citation: Work cat.: (NUST): Ozair, Muhammad 17225, Mathematical Analysis of Vector-Host Diseases Models/
